000 00495nam a2200181 4500
003 AR-RoIUNI
005 20250821141605.0
008 250821b |||||||| |||| 00| 0 spa d
040 _cAR-RoIUNI
080 _a159.9
100 _aRivarola, Esteban
245 _aPoliticas publicas :
_babordaje del consumo problematico
_cRivarola, Esteban
260 _aROSARIO
_bIUNIR
_c2025
650 _aPsicologia
_9108
650 _aPoliticas publicas
700 _aRivarola, Esteban
942 _2cdu
_cTIFO
999 _c6213
_d6213